Auras-tu le nom de ces animes ? spécial sport! - Statistiques

Statistiques générales
  • Ce quiz a été pris 51 fois
  • Le résultat moyen est 4 sur 11
Statistiques - réponses
Hint Réponse % Correct
des lycéens avec des cheveux concordant avec leurs yeux + un gars tellement introverti qu'il disparaît kuroko no basket
89%
un gars petit qui saute super haut haikyu!
83%
un mec qui décide de défier des enfants, des enfants qui se font shooter par des camions et un enfant qui sait faire de grandes mains magiques inazuma eleven
72%
C'est un gars qui adore faire le dauphin, entouré de gens très gay à poil Free!
54%
un mec fou qui tire partout et un lycéen timide qui porte une visière verte eyeshield 21
43%
des lycéens supra musclés qui font du rugby all out
35%
ils font des dingz dans les airs grace à leurs rollers air gear
24%
ils veulent faire un relais le long d'une montagne, sinon ils sont sdf run with the wind
22%
on joue à qui sera le plus fou, entre un schizo qui parle au ballon et un vieux qui a enfermé des gosses dans un bâtiment bétonné blue block
4%
des employés font du badminton rymans club
2%
un champion de gym qui héberge un ninja taiso samurai
0%
Aucun quiz correspondant
Distribution des résultats
% des personnes avec chaque résultat
Percentile par nombre de réponses
Votre historique - résultats
Vous n’avez pas pris ce quiz